LEADER 01401nam a2200313 a 4500 001 000000171829 003 CaOOAMICUS 005 20190430171656.0 008 190430s2019 it u000 u ita r 032 $aLibriCat 040 $aPUL$bita 041 1 $aita$heng 100 1 $aWenham, David.$0(OLS)http://pul/name/108018 240 10$aFrom Good news to gospel :What did the first christians say about Jesus?$bItaliano.$0(OLS)http://pul/title/212681 245 10$aDalla buona novella ai vangeli :$bcosa dissero i primi cristiani su Gesł ? /$cDavid Wenham; introduzione di Donald A. Hagner. 260 $a[Brescia] :$bQueriniana,$c2019. 300 $a145 p. ;$c19 cm 490 1 $aSintesi ;$v9 500 $aBibliografia in nota. 630 04$aBiblia.$pN.T.$xStoria.$0(OLS)http://pul/subject/1019 650 4$aCristianesimo$xOrigini.$0(OLS)http://pul/subject/11957 700 1 $aHagner, Donald A.$0(OLS)http://pul/name/110319 830 0$aSintesi (Queriniana) ;$v9.$0(OLS)http://pul/title/212683 850 $aPUL 852 $aPUL$W1$xSL Religione 3$y85$m225 WENDA 1$j195659$qDDC 21$B200509$CPULBib$Z2$F200509 $H132648 $82 941 1 $a9 996 $6245$aDalla buona novella ai vangeli :$bcosa dissero i primi cristiani su Gesł ?$9(OLS)http://pul/title/212682 996 $6260$a[Brescia] :$bQueriniana$9(OLS)http://pul/publisher/52373 LEADER 01703nam a2200349 a 4500 001 000000173446 003 CaOOAMICUS 005 20200519171106.0 008 200519s2019 it 001 u ita r 020 $a978-88-13-37429-7* 032 $aLibriCat 040 $aPUL$bita 082 04$a345.45025 245 03$aLa violenza di genere in Umbria, tra realtą e percezione sociale / $ca cura di Silvia Fornari. 260 $aMilanofiori Assago :$bWolters Kluwer,$c©2019$a[Padova] :$bCEDAM 300 $aXXIV, 148 p. ;$c24 cm 440 0$aContemporanea : sfide sociologiche e ricerca sociale ;$v6 650 4$aDonne$xViolenza.$0(OLS)http://pul/subject/45330 650 4$aDiscriminazione sessuale$xDonne$xDiritto penale.$0(OLS)http://pul/subject/46041 700 1 $aFornari, Silvia.$0(OLS)http://pul/name/111397 830 0$aContemporanea : sfide sociologiche e ricerca sociale ;$v6.$0(OLS)http://pul/title/214630 850 $aPUL 852 $aPUL$W1$xSL Diritto e Scienze Sociali 3$y79$m345. 45 FORSI 1$j197438$qDDC 21$B202222$CPULBib$Z2$F202222 $H134006 $82 941 1 $a9 960 $aViolenza contro le donne$945330 996 $6020$a978-88-13-37429-7*$9(OLS)http://pul/number/167449 996 $6082$a345.45025$9(OLS)http://pul/classification/1880 996 $6245$aLa violenza di genere in Umbria, tra realtą e percezione sociale / $9(OLS)http://pul/title/214629 996 $6440$aContemporanea : sfide sociologiche e ricerca sociale$9(OLS)http://pul/title/214630 996 $6260$aMilanofiori Assago :$bWolters Kluwer$9(OLS)http://pul/publisher/81463 996 $6260$a[Padova] :$bCEDAM$9(OLS)http://pul/publisher/87197